Polska miejscowość z bielą w nazwie. - Statystyki

Ogólne statystyki
  • Ten quiz został rozwiązany 86 razy
  • Średni wynik to 4 z 7
Statystyki odpowiedzi
Hint Odpowiedź % Poprawnych
2. Bielsko Biała
96%
1. Biała Podlaska
80%
3. Białystok
80%
5. Bielsk Podlaski
41%
6. Białka Tatrzańska
36%
4. Białogard
30%
7. Białowieża
28%
Nie znaleziono quizów pasujących do podanych kryteriów
Rozkład punktacji
Procent ludzi z każdym wynikiem
Percentyl według liczby udzielonych odpowiedzi
Twoja historia wyników
Nie rozwiązałeś tego quizu